How to talk so kids can learn at home and in school

Bibliographic Details
Main Author: Faber, Adele
Other Authors: Elaine Mazlish
Format: Book
Published: Batu Caves : PTS Publishing House Sdn. Bhd. , 2018
Edition:Edisi bahasa melayu
Subjects:

MARC

LEADER 00000cam a2200000 7i4500
001 0000236578
005 20200114141302.0
020 |a 9789674811891 
090 0 |a 649.12   |b FAB 
100 1 |a Faber, Adele 
245 1 0 |a How to talk so kids can learn at home and in school   |c Adele Faber & Elaine Mazlish 
250 |a Edisi bahasa melayu 
260 |a Batu Caves :   |b PTS Publishing House Sdn. Bhd. ,   |c 2018 
300 |a 268p. ;   |c 23cm. 
650 0 |a Interpersonal communication 
650 0 |a Interpersonal communication in children 
650 0 |a Parent and child 
650 0 |a Parenting 
700 0 |a Elaine Mazlish 
999 |a 00378731   |b BUKU   |c PINJAMAN   |e PERPUSTAKAAN KOMUNITI PETALING JAYA